| 000 | 004270000a22001810004500 | ||
|---|---|---|---|
| 003 | MACL | ||
| 005 | 20150908135818.0 | ||
| 008 | 150908b xxu||||| |||| 00| 0 eng d | ||
| 040 |
_aMACL _cMACL |
||
| 041 | _aEnglish | ||
| 082 | _a821/DAS | ||
| 100 |
_aDas, Nabanidhar _99257 |
||
| 245 | _aDivine Verses | ||
| 260 |
_bBingsha Shatabdi _c2007 _aKolkata |
||
| 350 | _a150 | ||
| 650 |
_aPoetry _99258 |
||
| 942 |
_cBK _k821/DAS _2ddc |
||
| 999 |
_c42510 _d42510 |
||